Normal view
MARC view
- Chou, Philip A
Entry Personal Name
001 - CONTROL NUMBER
- control field: 95618
003 - CONTROL NUMBER IDENTIFIER
- control field: NUST
005 - DATE AND TIME OF LATEST TRANSACTION
- control field: 20220728122552.0
008 - FIXED-LENGTH DATA ELEMENTS
- fixed length control field: 220728|| aca||aabn | a|a d
040 ## - CATALOGING SOURCE
- Original cataloging agency: NUST
- Transcribing agency: NUST
100 ## - HEADING--PERSONAL NAME
- Personal name: Chou, Philip A
670 ## - SOURCE DATA FOUND
- Source citation: Work cat.: (NUST)190336: Multimedia over IP and wireless networks :, c2007.
